000
00263nam a22000977a 4500
999
_c
515310
_d
515310
082
_a
TNC A99 R141
100
_a
Chetanananda, Swami
_9
20669
245
_a
Ramakrishna as we saw him
_c
edited by Swami Chetanananda
260
_a
Calcutta
_b
Advaita
_c
1990
300
_a
495p.